Vista normal
Vista MARC
- Federación Nacional de Cultivadores de Palma Africana, Fedepalma [Colombia]
Entrada Nombre corporativo
Número de registros utilizados en: 69
001 - NÚMERO DE CONTROL
- campo de control: 38907
003 - IDENTIFICADOR DEL NÚMERO DE CONTROL
- campo de control: OSt
005 - FECHA Y HORA DE LA ÚLTIMA TRANSACCIÓN
- campo de control: 20210309093358.0
008 - DATOS DE LONGITUD FIJA
- campo de control de longitud fija: 191113|| aca||aabn | a|a d
040 ## - FUENTE DE LA CATALOGACIÓN
- Centro catalogador/agencia de origen: OSt
- Centro/agencia transcriptor: OSt
110 ## - ENCABEZAMIENTO-NOMBRE DE ENTIDAD CORPORATIVA
- Nombre de entidad corporativa o nombre de jurisdicción como elemento de entrada: Federación Nacional de Cultivadores de Palma Africana, Fedepalma [Colombia]
510 ## - TRAZADO DE VÉASE ADEMÁS--NOMBRE DE ENTIDAD CORPORATIVA
- Nombre de entidad corporativa o nombre de jurisdicción como elemento de entrada: Federación Nacional de Cultivadores de Palma de Aceite, Fedepalma [Colombia]
510 ## - TRAZADO DE VÉASE ADEMÁS--NOMBRE DE ENTIDAD CORPORATIVA
- Nombre de entidad corporativa o nombre de jurisdicción como elemento de entrada: National Federation of Oil Palm Growers, Fedepalma [Colombia]
670 ## - FUENTE DE DATOS ENCONTRADOS
- Cita de la fuente: Work cat.: (OSt)15559: Tertulia Palmera, 28 de marzo de 2006 38903, Principales elementos de la Conferencia sobre pronósticos de precios de aceite de palma y laúricos POC 2006, 2006